| 000 | 00500nam a22001811a 4500 | ||
|---|---|---|---|
| 001 | 2964 | ||
| 003 | OSt | ||
| 005 | 20260204211833.0 | ||
| 008 | 040519s1988||||dr ||||||b||||||||||spa|| | ||
| 050 | _aRD 342.06 M885d | ||
| 082 | _aRD 342.06 M885d | ||
| 100 | _aMueses Henríquez, René | ||
| 245 | _aDerecho administrativo Dominicano / René Mueses Henríquez | ||
| 264 | _aSanto Domingo : UASD | ||
| 300 | _a272 p. | ||
| 650 | _a1.Derecho Administrativo - República DominicanaÌ | ||
| 942 |
_2ddc _cBK |
||
| 999 |
_c2964 _d2964 |
||